African quilt: stories of the Asian Indian experience in Kenya / (Record no. 9385)

000 -LEADER
fixed length control field 00527nam a2200157 4500
008 - FIXED-LENGTH DATA ELEMENTS--GENERAL INFORMATION
fixed length control field 151026b xxu||||| |||| 00| 0 eng d
020 ## - INTERNATIONAL STANDARD BOOK NUMBER
International Standard Book Number 9789966560070
050 ## - LIBRARY OF CONGRESS CALL NUMBER
Classification number PL 8011.G5 2015
100 ## - MAIN ENTRY--PERSONAL NAME
Personal name Gill, Harshi Syal.
245 ## - TITLE STATEMENT
Title African quilt: stories of the Asian Indian experience in Kenya /
Statement of responsibility, etc. Harshi Syal Gill and Parvin D. Syal
260 ## - PUBLICATION, DISTRIBUTION, ETC. (IMPRINT)
Place of publication, distribution, etc. Kigali :
Name of publisher, distributor, etc. East Africa Educattion Publishers,
Date of publication, distribution, etc. 2015.
300 ## - PHYSICAL DESCRIPTION
Extent 214 p. ;
Dimensions 20cm.
650 ## - SUBJECT ADDED ENTRY--TOPICAL TERM
Topical term or geographic name as entry element Fiction.
700 ## - ADDED ENTRY--PERSONAL NAME
Personal name Syal, Parvin D.
942 ## - ADDED ENTRY ELEMENTS (KOHA)
Source of classification or shelving scheme
Koha item type Africana (Books)
Classification part PL 8011.G5 2015
Koha issues (borrowed), all copies 3
Holdings
Withdrawn status Lost status Source of classification or shelving scheme Damaged status Not for loan Home library Current library Shelving location Date acquired Source of acquisition Cost, normal purchase price Total Checkouts Full call number Barcode Date last seen Price effective from Koha item type Date last checked out
          MACHAKOS UNIVERSITY LIBRARY MACHAKOS UNIVERSITY LIBRARY Africana 26/10/2015 purchase 522.00   PL 8011.G5 2015 17026 30/05/2019 26/10/2015 Africana (Books)  
          MACHAKOS UNIVERSITY LIBRARY MACHAKOS UNIVERSITY LIBRARY Africana 04/12/2017 Textbook Centre 522.00 2 PL 8011.G5 2015 37854 30/05/2019 04/12/2017 Africana (Books) 27/04/2019
          MACHAKOS UNIVERSITY LIBRARY MACHAKOS UNIVERSITY LIBRARY Africana 04/12/2017 Textbook Centre 522.00 3 PL 8011.G5 2015 37855 17/10/2023 04/12/2017 Africana (Books) 17/10/2023
© Machakos University Library, Along The Highway, Machakos Wote Rd, Machakos, Kenya P.O. Box 136 - 90100 Machakos - Kenya

Tel: ( +254 ) 723 805829 OR Fax : 044-20353 OR Email: library@mksu.ac.ke